| 000 | 01053nam a2200313#a 4500 | ||
|---|---|---|---|
| 001 | 01698 | ||
| 003 | HDC | ||
| 007 | ta | ||
| 008 | 230623s2010 xx 000 0 eng d | ||
| 020 | _a9780470467183(hbk). | ||
| 040 | _aHDC | ||
| 050 |
_aHB615 _b.G665 2010 |
||
| 100 |
_aGordon, Michael E. _q(Michael Earl). |
||
| 240 | _aTrump University entrepreneurship one hundred and one. | ||
| 245 | 0 |
_aTrump University entrepreneurship 101 : _bhow to turn your idea into a money machine / _cMichael E. Gordon ; foreword and chapter 1 by Donald Trump. |
|
| 246 | _aTrump University entrepreneurship one hundred one. | ||
| 250 | _a 2nd ed. | ||
| 264 |
_aHoboken, N.J. : _bJohn Wiley & Sons, _cc2010. |
||
| 300 |
_axvii,278p. : _b ill. ; _c 24cm. |
||
| 490 | _aTrump university books. | ||
| 500 | _aIncludes bibliographical references (p. 257-263) and index. | ||
| 650 | _aEntrepreneurship. | ||
| 650 | _aNew business enterprises. | ||
| 700 |
_aTrump, Donald, _d1946- |
||
| 942 | _2lcc | ||
| 942 | _cBK | ||
| 942 | _kHB615 | ||
| 942 | _m.G665 2010 | ||
| 999 |
_c23263 _d23263 |
||